Osudy chebských Židů : chebští Židé od 2. poloviny 19. století do současnosti /

Hlavní autor: Mlsová Chmelíková, Jitka, 1974-
Jazyk: Čeština
Vydáno: Cheb : Krajské muzeum Cheb, 2004
Vydání: 2. vyd.
Témata:
Externí odkaz: Digitalizovaný dokument
Fyzický popis: 148 s. : il., portréty, plány, faksimile ; 24 cm
Knihy
Uloženo v:
LEADER 01796nam a2200445 a 4500
001 000711569
003 CZ BrMZK
005 20090716095824.0
007 ta
008 040416s2004 xr acehe 000 0dcze d
015 |a cnb001311836 
020 |a 80-85018-42-X  |q (brož.) 
035 |a (OCoLC)56849806 
040 |a BOA001  |b cze 
043 |a e-xr---  |b e-xr-ka  |2 czenas 
045 |a w-y- 
072 7 |a 94(437)  |x Dějiny Česka a Slovenska  |2 Konspekt  |9 8 
080 |a 94(=411.16)  |2 MRF 
080 |a 94(437.318)  |2 MRF 
080 |a 323.1  |2 MRF 
080 |a (048.8)  |2 MRF 
100 1 |a Mlsová Chmelíková, Jitka,  |d 1974-  |7 jo20000080327  |4 aut 
245 1 0 |a Osudy chebských Židů :  |b chebští Židé od 2. poloviny 19. století do současnosti /  |c Jitka Chmelíková 
250 |a 2. vyd. 
260 |a Cheb :  |b Krajské muzeum Cheb,  |c 2004 
300 |a 148 s. :  |b il., portréty, plány, faksimile ;  |c 24 cm 
500 |a 100 výt. 
500 |a Vydáno ve spolupráci se Státním okresním archivem v Chebu 
504 |a Obsahuje bibliografii a bibliografické odkazy 
500 |a Dostupné též v digitální podobě v aplikaci Kramerius 
648 4 |a 19.-21. stol. 
650 0 7 |a Židé  |7 ph127782  |z Česko  |y 19.-21. stol.  |2 czenas 
650 0 7 |a dějiny Židů  |7 ph489410  |z Česko  |y 19.-21. stol.  |2 czenas 
655 7 |a přehledy  |7 fd133202  |2 czenas 
651 7 |a Cheb (Česko)  |7 ge128920  |x dějiny  |y 19.-21. stol.  |2 czenas 
651 7 |a Cheb (Česko)  |7 ge128920  |x národnostní poměry  |y 19.-21. stol.  |2 czenas 
856 4 1 |u http://www.digitalniknihovna.cz/mzk/uuid/uuid:541acdc0-2a28-11e6-ae84-005056827e51  |y Digitalizovaný dokument  |x NDK 
910 |a BOA001  |b 2-1134.039 
990 |a BK 
996 6 |b 2610217912  |c 2-1134.039  |l MZK  |r Sklad / do 1 hodiny  |n 0  |p p.v.  |w 000711569  |u 000010  |a 1  |e BOA001  |j MZK50  |s P